| 000 | 00000nas 2200000za 4500 |
| 001 | 9.506259 |
| 003 | CaOODSP |
| 005 | 20241203113633 |
| 007 | cr ||||||||||| |
| 008 | 150406d20012005onc x p o||||f0 a0eng|d |
| 040 | |aCaOODSP|beng |
| 043 | |an-cn--- |
| 086 | 1 |aEn1-9E-PDF |
| 245 | 00|aNiagara River Upstream/Downstream Monitoring Program report |h[electronic resource]. |
| 260 | |a[Burlington, ON] : |bEnvironment Canada. |
| 310 | |aIrregular |
| 362 | 1 |aBegan with 1999-2000 & 2000-2001?; ceased with 2001-2002 to 2004-2005. |
| 500 | |aIssued also in French under title: Programme de surveillance amont/aval de la rivière Niagara, rapport. |
| 710 | 1 |aCanada. |bEnvironment Canada. |
| 775 | 08|tProgramme de surveillance amont/aval de la rivière Niagara, rapport |w(CaOODSP)9.502656 |